| 000 -CABECERA |
| fixed length control field |
01660nam a22002897a 4500 |
| 003 - IDENTIFICADOR DEL NÚMERO DE CONTROL |
| control field |
AR-CdUCM |
| 008 - DATOS DE LONGITUD FIJA--INFORMACIÓN GENERAL |
| fixed length control field |
190425b ||||| |||| 00| 0 spa d |
| 040 ## - FUENTE DE LA CATALOGACIÓN |
| Agencia/entidad que catalogó originalmente la obra |
MUNICIPALIDAD PROVINCIAL DEL CUSCO |
| Entidad que transcribió la catalogación |
BIBLIOTECA MUNICIPAL DEL CUSCO |
| 082 ## - NÚMERO DE LA CLASIFICACIÓN DECIMAL DEWEY |
| No. de Clasificación |
Bol.CCC/N°5/1902 |
| 110 ## - ENTRADA PRINCIPAL--NOMBRE DE ENTIDAD CORPORATIVA |
| Nombre de la institución, jurisdicción como entrada principal |
Centro Científico del Cuzco |
| 9 (RLIN) |
46729 |
| 245 ## - MENCIÓN DE TÍTULO |
| Título |
Boletín del Centro Científico del Cuzco / |
| Mención de responsabilidad |
Centro Científico del Cuzco |
| 260 ## - PUBLICACIÓN, DISTRIBUCIÓN, ETC. |
| Lugar de publicación, distribución, etc. |
Cusco : |
| Nombre de la editorial, distribuidor, etc. |
[sn], |
| Fecha de publicación, distribución, etc. |
1902. |
| 300 ## - DESCRIPCIÓN FÍSICA |
| Nº de Páginas Extensión |
61 páginas. : |
| Dimensiones |
20 cm. |
| 440 ## - MENCIÓN DE SERIE/PUNTO DE ACCESO ADICIONAL--TÍTULO |
| Título |
Boletín del Centro Científico del Cuzco. |
| Número de la parte/sección de una obra |
Año V, Noviembre de 1902, N°5. |
| 9 (RLIN) |
46730 |
| 505 ## - NOTA DE CONTENIDO CON FORMATO |
| Nota de contenido formateada |
Contenido: Compañía de Guarnición de las montañas del Cuzco. -- El volcán Ubinas, la lava.-- La industria del petróleo en el Perú en 1901. -- Trabajadores y jornales. -- Independencia del Cuzco. --Cercado del Cuzco. -- Partido de Abancay. -- Partido de Aimaraes. -- Partido de Calca y Lares. -- Partido de Urubamba. -- Partido de Cotabambas. -- Partido de Chilques y Masques o Paruro. -- Partido de Chumbivilcas. -- Partido de Canas y Canchis o Tinta. -- Partido de Quispicanchis. -- Partido de Paucartambo. -- El eucalipto y su huésped. --El alcoholismo. -- Informe sobre la trocha a Sihuaniro. -- I. metrado general. -- Informaciones sobre el trayecto hasta Sihuaniro. Luis M. Robledo. |
| 650 ## - PUNTO DE ACCESO ADICIONAL DE MATERIA--TÉRMINO DE MATERIA |
| Descriptor |
Intendencia del Cusco |
| 9 (RLIN) |
3258 |
| 650 ## - PUNTO DE ACCESO ADICIONAL DE MATERIA--TÉRMINO DE MATERIA |
| Descriptor |
Industria |
| 9 (RLIN) |
46731 |
| 650 ## - PUNTO DE ACCESO ADICIONAL DE MATERIA--TÉRMINO DE MATERIA |
| Descriptor |
Alcoholismo |
| 9 (RLIN) |
22499 |
| 650 ## - PUNTO DE ACCESO ADICIONAL DE MATERIA--TÉRMINO DE MATERIA |
| Descriptor |
Eucalipto |
| 9 (RLIN) |
46732 |
| 700 ## - PUNTO DE ACCESO ADICIONAL--NOMBRE DE PERSONA |
| Nombre Personal |
Lorena, Antonio |
| 9 (RLIN) |
45873 |
| 700 ## - PUNTO DE ACCESO ADICIONAL--NOMBRE DE PERSONA |
| Nombre Personal |
Haenke, Tadeo |
| 9 (RLIN) |
46733 |
| 700 ## - PUNTO DE ACCESO ADICIONAL--NOMBRE DE PERSONA |
| Nombre Personal |
Cuba, Diomedes |
| 9 (RLIN) |
46734 |
| 700 ## - PUNTO DE ACCESO ADICIONAL--NOMBRE DE PERSONA |
| Nombre Personal |
Robledo, Luis |
| 9 (RLIN) |
46735 |
| 700 ## - PUNTO DE ACCESO ADICIONAL--NOMBRE DE PERSONA |
| Nombre Personal |
Lostaunau, Carlos |
| 9 (RLIN) |
46736 |
| 942 ## - ELEMENTOS DE PUNTO DE ACCESO ADICIONAL (KOHA) |
| Fuente de clasificación |
|
| Tipo de item |
Revistas cusqueñas |
| 945 ## - PROCESAMIENTO DE INFORMACIÓN LOCAL (OCLC) |
| Catalogador |
rac |